රහස් කියන වෙද නළාව /

Saved in:
Bibliographic Details
Main Author: තොටවත්ත, නුවන්
Other Authors: කොට්ටහච්චි, දිනිති
Format: Book
Language:English
Sinhalese
Published: කොළඹ : ගුණසේන ප්‍රකාශකයෝ, 2025
Subjects:
Tags: Add Tag
No Tags, Be the first to tag this record!

MARC

LEADER 00000nam a22000007a 4500
003 LK-HrPL
005 20260409152431.0
008 260409b |||||||| |||| 00| 0 eng d
020 |a 9789552133329 
040 |a LK-HrPL  |b sin  |d LK-HrPL 
041 |a sin 
082 |a 891.483  |b තොටව 
100 |a තොටවත්ත, නුවන් 
245 |a රහස් කියන වෙද නළාව /  |c නුවන් තොටවත්ත 
260 |a කොළඹ :  |b ගුණසේන ප්‍රකාශකයෝ,  |c 2025 
300 |a පි . 20 ;  |b චිත්‍ර  |c සෙ.මි 25 
500 |a දගකාර නුුටෝ 
650 0 |a ළමා කතා - සිංහල 
700 |a කොට්ටහච්චි, දිනිති 
942 |c CHBK 
999 |c 39293  |d 39293